000 00443nam a2200181Ia 4500
003 OSt
005 20250819103009.0
008 250729s2005 xx 000 0 und d
040 _cAL
041 _aeng
082 _a500.7 JOST
100 _aSingh Yogish Kumar
_9221450
245 _aHistory of indian education system
260 _aNew Delhi
_bA P H Publishing
_c2005
300 _a383p
650 _aScience
_9221451
942 _2ddc
_cBED
999 _c235017
_d235017